Missale romanum ex decreto sacrosancti concilii tridentini restitutum, PII V. Pont. Max. Jussu editum et clementis VII primum, nunc devuo (Record no. 8346)
[ view plain ]
| 000 -CABECERA | |
|---|---|
| campo de control de longitud fija | 01620nam a2200349 a 4500 |
| 001 - NÚMERO DE CONTROL | |
| campo de control | BRCA_8693 |
| 005 - FECHA Y HORA DE LA ÚLTIMA TRANSACCIÓN | |
| campo de control | 20190320210352.0 |
| 008 - DATOS DE LONGITUD FIJA--INFORMACIÓN GENERAL | |
| campo de control de longitud fija | 161216s1726----be-a######---#000-0#lat-# |
| 041 ## - CÓDIGO DE LENGUA | |
| Código de lengua del texto/banda sonora o título independiente | lat |
| 044 ## - CÓDIGO DEL PAÍS DE LA ENTIDAD EDITORA/PRODUCTORA | |
| Código MARC del país | be |
| 050 #4 - SIGNATURA TOPOGRÁFICA DE LA BIBLIOTECA DEL CONGRESO | |
| Número de clasificación | BX1970 |
| Número de documento/Ítem | .C54 |
| -- | 1726 |
| 100 1# - ENTRADA PRINCIPAL--NOMBRE DE PERSONA | |
| Nombre de persona | Urbani Papae Octavi |
| 9 (RLIN) | 21662 |
| 245 10 - MENCIÓN DE TÍTULO | |
| Título | Missale romanum ex decreto sacrosancti concilii tridentini restitutum, PII V. Pont. Max. Jussu editum et clementis VII primum, nunc devuo |
| Mención de responsabilidad, etc. | Urbani Papae Octavi. |
| 260 ## - PUBLICACIÓN, DISTRIBUCIÓN, ETC. | |
| Lugar de publicación, distribución, etc. | Antverpiae |
| Nombre del editor, distribuidor, etc. | Ex typographia plantiniana |
| Fecha de publicación, distribución, etc. | 1726 |
| 300 ## - DESCRIPCIÓN FÍSICA | |
| Extensión | 1 vol. (con varias paginaciones) |
| Otras características físicas | il. |
| Dimensiones | 27 cm |
| 500 ## - NOTA GENERAL | |
| Nota general | Fondo antiguo |
| 500 ## - NOTA GENERAL | |
| Nota general | Se encuentra en Caja Fuerte |
| 500 ## - NOTA GENERAL | |
| Nota general | LM-53 |
| 500 ## - NOTA GENERAL | |
| Nota general | Portada impresa en dos tintas negro y rojo con grabado |
| 500 ## - NOTA GENERAL | |
| Nota general | Rubrica al reverso de la portada |
| 500 ## - NOTA GENERAL | |
| Nota general | Uso de letras capitulares |
| 500 ## - NOTA GENERAL | |
| Nota general | Texto en dos columnas |
| 500 ## - NOTA GENERAL | |
| Nota general | Incluye 4 grabados y partituras |
| 500 ## - NOTA GENERAL | |
| Nota general | Incluye índice |
| 500 ## - NOTA GENERAL | |
| Nota general | Con licentia et approbation ordinari y summa privilegi |
| 500 ## - NOTA GENERAL | |
| Nota general | Nota de encuadernación: piel sobre cartón lomo y margenes dorados con broches metálicos incompletos que no cierran |
| 505 0# - NOTA DE CONTENIDO CON FORMATO | |
| Nota de contenido con formato | En el mismo volumen se incluye el missae propia sanctorum hispanorum.-- Missa in festo patrocinni SS. Joseph Confessoris, sponsi beatae virginis mariae duplex.-- Missae propriae sanctorum trium ordinum fratrum minorum S. P. N. Francisci |
| 506 0# - NOTA DE RESTRICCIONES AL ACCESO | |
| Limitaciones de acceso | Fondo reservado: para su consulta es necesario credencial de usuario y carta de motivos |
| 650 14 - PUNTO DE ACCESO ADICIONAL DE MATERIA--TÉRMINO DE MATERIA | |
| Término de materia o nombre geográfico como elemento de entrada | Iglesia católica |
| Término indicativo de función/relación | Liturgia y ritual |
| Subdivisión de forma | Misal |
| 9 (RLIN) | 21663 |
| 902 ## - CATALOGADOR | |
| Iniciales | LAR |
| 942 ## - ELEMENTOS DE PUNTO DE ACCESO ADICIONAL (KOHA) | |
| Fuente del sistema de clasificación o colocación | Library of Congress Classification |
| Tipo de ítem Koha | Libros |
| Estado de retiro | Estado de pérdida | Estado dañado | No para préstamo | Localización permanente | Ubicación/localización actual | Fecha de adquisición | Número de inventario | Total de préstamos | Signatura topográfica completa | Código de barras | Fecha visto por última vez | Precio válido a partir de | Tipo de ítem Koha |
|---|---|---|---|---|---|---|---|---|---|---|---|---|---|
| El ejemplar forma parte de la colección y puede ser consultado según las políticas vigentes. | Biblioteca del Museo Franz Mayer (Rogerio Casas-Alatriste) | Biblioteca del Museo Franz Mayer (Rogerio Casas-Alatriste) | 16/12/2016 | LM-53 | BX1970 .C54 1726 (LM-53) | LAR00186 | 22/03/2019 | 22/03/2019 | Libros |